Online
Catalog

Escritos breves / (Record no. 13266)

MARC details
000 -CABECERA
campo de control de longitud fija 01115nam a2200313 i 4500
001 - NÚMERO DE CONTROL
campo de control 000013652
003 - IDENTIFICADOR DEL NÚMERO DE CONTROL
campo de control DO-SdBNP
005 - FECHA Y HORA DE LA ÚLTIMA TRANSACCIÓN
campo de control 20260204081244.0
007 - CAMPO FIJO DE DESCRIPCIÓN FÍSICA--INFORMACIÓN GENERAL
campo de control de longitud fija ta
008 - DATOS DE LONGITUD FIJA--INFORMACIÓN GENERAL
campo de control de longitud fija 091127s1958 dr 000 0 spa d
040 ## - FUENTE DE LA CATALOGACIÓN
Centro catalogador/agencia de origen DO-SdBNP
Lengua de catalogación spa
Centro/agencia transcriptor BNPHU
Normas de descripción rda
041 ## - CÓDIGO DE LENGUA
Código de lengua del texto/banda sonora o título independiente spa
082 #4 - NÚMERO DE LA CLASIFICACIÓN DECIMAL DEWEY
Número de clasificación RD864.408
Número de documento/Ítem C679e
Número de edición 22
100 1# - ENTRADA PRINCIPAL--NOMBRE DE PERSONA
Nombre de persona Coiscou Henríquez, Máximo,
Fechas asociadas al nombre 1876-1973
Término indicativo de función/relación autor
Código de función/relación aut.
9 (RLIN) 31075
245 10 - MENCIÓN DE TÍTULO
Título Escritos breves /
Mención de responsabilidad, etc. Máximo Coiscou Henríquez.
264 #1 - PRODUCCIÓN, PUBLICACIÓN, DISTRIBUCIÓN, FABRICACIÓN Y COPYRIGHT
Producción, publicación, distribución, fabricación y copyright Ciudad Trujillo, República Dominicana :
Nombre del de productor, editor, distribuidor, fabricante Impresora Dominicana,
Fecha de producción, publicación, distribución, fabricación o copyright 1958.
300 ## - DESCRIPCIÓN FÍSICA
Extensión 294 páginas ;
Dimensiones 24 cm.
336 ## - TIPO DE CONTENIDO
Término de tipo de contenido texto
Código de tipo de contenido txt
Fuente rdacontent
337 ## - TIPO DE MEDIO
Nombre/término del tipo de medio sin mediación
Código del tipo de medio n
Fuente rdamedia
338 ## - TIPO DE SOPORTE
Nombre/término del tipo de soporte volumen
Código del tipo de soporte nc
Fuente rdacarrier
500 ## - NOTA GENERAL
Nota general Incluye referencias bibliográficas y notas al pie de las páginas
500 ## - NOTA GENERAL
Nota general Incluye índice
590 ## - NOTA LOCAL (RLIN)
Nota local Inventariado, 2018/VM
600 14 - PUNTO DE ACCESO ADICIONAL DE MATERIA--NOMBRE DE PERSONA
Nombre de persona Coiscou Henríquez, Máximo,
Fechas asociadas al nombre 1876-1973
Subdivisión de forma Colecciones de Escritos
9 (RLIN) 31076
650 #4 - PUNTO DE ACCESO ADICIONAL DE MATERIA--TÉRMINO DE MATERIA
Término de materia o nombre geográfico como elemento de entrada Poesía europea
Subdivisión cronológica 1900-1950
9 (RLIN) 31077
651 #4 - PUNTO DE ACCESO ADICIONAL DE MATERIA--NOMBRE GEOGRÁFICO
Nombre geográfico República Dominicana
Subdivisión general Historia
Subdivisión cronológica Hasta, 1844
9 (RLIN) 138
910 ## - DATOS DE OPCIÓN DEL USUARIO (OCLC)
Datos de opción del usuario Validado. Control de calidad MFF
942 ## - ELEMENTOS DE PUNTO DE ACCESO ADICIONAL (KOHA)
Fuente del sistema de clasificación o colocación Dewey Decimal Classification
Tipo de ítem Koha Libro
Holdings
Estado de retiro Estado de pérdida Fuente del sistema de clasificación o colocación Restricciones de uso No para préstamo Código de colección Localización permanente Ubicación/localización actual Ubicación en estantería Fecha de adquisición Fuente de adquisición Total de préstamos Signatura topográfica completa Código de barras Fecha visto por última vez Precio válido a partir de Tipo de ítem Koha Nota pública Número de copia
    Dewey Decimal Classification Préstamo en sala   Patrimonio Dominicano Raros y Valiosos Biblioteca Nacional Pedro Henríquez Ureña Biblioteca Nacional Pedro Henríquez Ureña Depósito 27.11.2009 Donación   BNPHU PD-RV RD864.408 C679e 13652-10 25.06.2020 25.06.2020 Libro Perteneció a la biblioteca personal de Carlos Larrabazal Blanco.  
    Dewey Decimal Classification Excluido de préstamo   Patrimonio Dominicano Raros y Valiosos Biblioteca Nacional Pedro Henríquez Ureña Biblioteca Nacional Pedro Henríquez Ureña Depósito 24.02.2011 Donación   BNPHU PD-RV RD864.408 C679e 13652-20 25.06.2020 25.06.2020 Libro Perteneció a la biblioteca personal de Aída Cartagena Portalatín. e. 2
    Dewey Decimal Classification Préstamo en sala   Dominicana Referencia Raros y Valiosos Biblioteca Nacional Pedro Henríquez Ureña Biblioteca Nacional Pedro Henríquez Ureña Depósito 23.08.2011 Donación   BNPHU DS-RV RD864.408 C679e 13652-30 25.06.2020 25.06.2020 Libro Perteneció a la biblioteca personal de Germán Emilio Ornes. e. 3
    Dewey Decimal Classification Préstamo en sala   Dominicana Referencia Raros y Valiosos Biblioteca Nacional Pedro Henríquez Ureña Biblioteca Nacional Pedro Henríquez Ureña Depósito 05.09.2018 Instituto Dominicano de Cultura   BNPHU DS-RV RD864.408 C679e 13652-40 25.06.2020 25.06.2020 Libro   e. 5
    Dewey Decimal Classification Préstamo en sala   Dominicana Referencia Raros y Valiosos Biblioteca Nacional Pedro Henríquez Ureña Biblioteca Nacional Pedro Henríquez Ureña Depósito 02.02.2026 Donado por la Presidencia de la República Dominicana 2023   BNPHU DS-RV RD864.408 C679e 2026-0572 02.02.2026 02.02.2026 Libro Dedicado. Perteneció a la biblioteca personal de Emilio Cordero Michel. e. 4

Powered by Koha